00453nam a2200169Ia 4500003000400000005001700004008004100021040000700062041001200069082001800081100004000099245007800139260002800217300001100245365000700256650002000263OSt20230902123758.0210719s1979 xx 000 0 und d cAL aKannada aK894.308 DAMH aDAMODARA SHETTI (N) mattu Ithararu. aHimani: katha sankalana.bಹಿಮಾನಿ : ಕಥಾ ಸಂಕಲನ  aMangalurubVedikac1979 a83bPB cRs aKannada Fiction